000 00980nam a22003017a 4500
001 BR0603261
003 BR-BrBNA
005 20250130162929.0
007 ta
008 230509b bl.||||| |||| 00| 0 por d
040 _aBR-BrBNA
_bpor
_cBiblioteca Nacional de Agricultura
041 _a(Eng, Por)
072 _aE70; E71
110 1 _aMinistério da Agricultura, Pecuária e Abastecimento, Brasília, DF (Brasil). Secretaria de Relações Internacionais do Agronegócio
_97335
245 1 _aAgronegócio brasileiro: desempenho do comércio exterior
250 1 _a2. ed.
260 3 _aBrasília, DF (Brasil):
_c2006.
300 _a116 p.
500 _a53 illus.; 42 tables
650 _aCOMÉRCIO EXTERIOR
650 _aEXPORTAÇÃO
650 _aIMPORTAÇÃO
650 _aBALANÇA COMERCIAL
650 _aMERCOSUL
650 _aMERCADO INTERNACIONAL
856 _uhttps://repositorio-dspace.agricultura.gov.br/bitstream/1/490/1/BR0603261.pdf
942 _cBK
_2AGRIS
999 _c69720
_d69720